000 00485nam a2200169Ia 4500
008 240729s9999 xx 000 0 und d
022 _a2279-7254
245 0 _aEuropean Journal of Remote Sensing
260 _aUnited Kingdom
260 _bTaylor & Francis Group
650 _a Geology
650 _a Oceanography | Science
650 _aGeography. Anthropology. Recreation
856 _uhttps://doaj.org/toc/08cb347be3624b0c8c5271a63d0804c2
942 _2ddc
942 _cDOAJEJ
999 _c69041
_d69041
945 _a1
_bMadushi Gamage
_c1
_dMadushi Gamage